Los Angeles Lakers Playoffs Starters - Statistics

General Stats
  • This quiz has been taken 853 times
    258 since last reset
  • The average score is 33 of 107
Answer Stats
Player % Correct
LeBron James
100%
Anthony Davis
97%
Luka Dončić
94%
Kobe Bryant
92%
Austin Reaves
91%
Magic Johnson
91%
Shaquille O'Neal
91%
Jerry West
89%
Kareem Abdul-Jabbar
89%
Pau Gasol
83%
Dwight Howard
82%
Rui Hachimura
81%
D'Angelo Russell
79%
Cazzie Russell
78%
Derek Fisher
77%
Elgin Baylor
77%
James Worthy
76%
Wilt Chamberlain
76%
Jaxson Hayes
72%
George Mikan
68%
Steve Nash
64%
A.C. Green
61%
Danny Green
61%
Kentavious Caldwell-Pope
58%
Ron Artest
58%
JaVale McGee
57%
Andrew Bynum
54%
Karl Malone
54%
Lamar Odom
51%
Robert Horry
49%
Gail Goodrich
48%
Gary Payton
47%
Byron Scott
46%
Michael Cooper
46%
Vlade Divac
44%
Rick Fox
43%
Eddie Jones
42%
Ron Harper
41%
Nick Van Exel
39%
Elmore Smith
37%
Jarred Vanderbilt
37%
Kwame Brown
35%
Horace Grant
34%
Trevor Ariza
34%
Jamaal Wilkes
32%
Kurt Rambis
31%
Norm Nixon
28%
Glen Rice
26%
Smush Parker
24%
Andre Drummond
23%
Vern Mikkelsen
23%
Cedric Ceballos
21%
Dennis Schröder
21%
Luke Walton
16%
Mychal Thompson
16%
Devean George
15%
Elden Campbell
15%
Slater Martin
12%
Happy Hairston
11%
Archie Clark
10%
Clyde Lovellette
10%
Lucius Allen
9%
Rudy LaRusso
9%
Sam Perkins
9%
Sedale Threatt
9%
Steve Blake
9%
Jim Pollard
8%
Vladimir Radmanović
8%
Jordan Farmar
7%
Ramon Sessions
6%
Adrian Dantley
4%
Dick Barnett
3%
Jim Chones
3%
Jim McMillian
3%
Leroy Ellis
3%
Anthony Peeler
2%
Bill Bridges
2%
Bob Harrison
2%
Don Chaney
2%
Don Ford
2%
Hot Rod Hundley
2%
Jim Price
2%
J.R. Reid
2%
Keith Erickson
2%
Larry Foust
2%
Lou Hudson
2%
Connie Hawkins
1%
Darrall Imhoff
1%
Dick Garmaker
1%
Frank Selvy
1%
Jim Krebs
1%
Ron Boone
1%
Slick Leonard
1%
Tom Hawkins
1%
Walter Dukes
1%
Walt Hazzard
1%
Whitey Skoog
1%
Arnie Ferrin
0%
Bill Hewitt
0%
Dick Garrett
0%
Dick Schnittker
0%
Don Carlson
0%
Gene Wiley
0%
Herm Schaefer
0%
Johnny Egan
0%
Pep Saul
0%
Ray Felix
0%
No matching quizzes found
Score Distribution
Percent of People with Each Score
Percentile by Number Answered
Your Score History
You have not taken this quiz since the last reset